India vs China : (Record no. 356088)

000 -LEADER
fixed length control field 01207cam a2200361 i 4500
001 - CONTROL NUMBER
control field 18459875
003 - CONTROL NUMBER IDENTIFIER
control field USPCAS-E
005 - DATE AND TIME OF LATEST TRANSACTION
control field 20180118181423.0
008 - FIXED-LENGTH DATA ELEMENTS--GENERAL INFORMATION
fixed length control field 150123s2015 pk b 001 0 eng
010 ## - LIBRARY OF CONGRESS CONTROL NUMBER
LC control number 2014363655
020 ## - INTERNATIONAL STANDARD BOOK NUMBER
International Standard Book Number 9789699556111
028 ## - PUBLISHER NUMBER
Publisher number emel publication
040 ## - CATALOGING SOURCE
Original cataloging agency DLC
Language of cataloging eng
Transcribing agency DLC
Description conventions rda
Modifying agency DLC
042 ## - AUTHENTICATION CODE
Authentication code lcode
-- pcc
043 ## - GEOGRAPHIC AREA CODE
Geographic area code a-cc---
-- a-ii---
050 00 - LIBRARY OF CONGRESS CALL NUMBER
Classification number DS450.C5
Item number M35 2015
082 ## - DEWEY DECIMAL CLASSIFICATION NUMBER
Classification number DS450.C5
Author Mark NAD-I 2015
100 1# - MAIN ENTRY--PERSONAL NAME
Personal name Malik, Nadeem Shafiq.
245 10 - TITLE STATEMENT
Title India vs China :
Remainder of title a review of the Aksai Chin border dispute /
Statement of responsibility, etc. Dr. Nadeem Shafiq Malik.
246 3# - VARYING FORM OF TITLE
Title proper/short title India versus China
260 ## - PUBLICATION, DISTRIBUTION, ETC.
Place of publication, distribution, etc. Islamabad:
Name of publisher, distributor, etc. emel publication;
Date of publication, distribution, etc. 2015.
300 ## - PHYSICAL DESCRIPTION
Extent 184 pages ;
Dimensions 25 cm.
502 ## - DISSERTATION NOTE
Dissertation note .
504 ## - BIBLIOGRAPHY, ETC. NOTE
Bibliography, etc. note Includes bibliographical references (pages 155-174) and index.
651 #0 - SUBJECT ADDED ENTRY--GEOGRAPHIC NAME
Geographic name India
General subdivision Boundaries
Geographic subdivision China.
651 #0 - SUBJECT ADDED ENTRY--GEOGRAPHIC NAME
Geographic name China
General subdivision Boundaries
Geographic subdivision India.
651 #0 - SUBJECT ADDED ENTRY--GEOGRAPHIC NAME
Geographic name India
General subdivision Foreign relations
Geographic subdivision China.
651 #0 - SUBJECT ADDED ENTRY--GEOGRAPHIC NAME
Geographic name China
General subdivision Foreign relations
Geographic subdivision India.
856 41 - ELECTRONIC LOCATION AND ACCESS
Materials specified Table of contents only
Uniform Resource Identifier <a href="http://www.loc.gov/catdir/toc/fy16pdf01/2014363655.html">http://www.loc.gov/catdir/toc/fy16pdf01/2014363655.html</a>
906 ## - LOCAL DATA ELEMENT F, LDF (RLIN)
a 7
b cbc
c origode
d 3
e ncip
f 20
g y-gencatlg
942 ## - ADDED ENTRY ELEMENTS (KOHA)
Source of classification or shelving scheme
Koha item type Book
Holdings
Withdrawn status Lost status Source of classification or shelving scheme Damaged status Not for loan Collection code Permanent Location Current Location Shelving location Date acquired Source of acquisition Cost, normal purchase price Total Checkouts Full call number Barcode Date last seen Price effective from Koha item type Copy number
            US-Pakistan Center for Advanced Studies in Energy (USPCAS-E) US-Pakistan Center for Advanced Studies in Energy (USPCAS-E)   05/17/2016 NUST Main office 950.00   DS450.C5 NAD-I 2015 CAS-E0001538 05/17/2016 05/17/2016 Book  
            US-Pakistan Center for Advanced Studies in Energy (USPCAS-E) US-Pakistan Center for Advanced Studies in Energy (USPCAS-E)   05/17/2016 NUST Main office 950.00   DS450.C5 NAD-I 2015 CAS-E0001539 05/17/2016 05/17/2016 Book C-2
© 2023 Central Library, National University of Sciences and Technology. All Rights Reserved.